[Event "HUN-ch"]
[Site "HUN"]
[Date "1984.??.??"]
[Round "2"]
[White "Schneider, Attila"]
[Black "Utasi, Tamas"]
[Result "1/2-1/2"]
[WhiteElo "2415"]
[BlackElo "2350"]

1.d4 d5 2.c4 c6 3.Nf3 Nf6 4.Qc2 e6 5.g3 Nbd7 6.Bg2 Bb4+ 7.Bd2 Bd6 8.O-O O-O
9.Rd1 Ne4 10.Be1 f5 11.Nbd2 Qe8 12.Nf1 Qh5 13.N3d2 Ng5 14.c5 Bc7 15.f4 Nh3+
16.Kh1 Nf6 17.Nf3 Ne4 18.e3 g5 19.Ng1 Nxg1 20.Kxg1 Rf6 21.Rdc1 Bd7 22.Qd1 Qh6
23.Nd2 Be8 24.Nxe4 fxe4 25.Qa4 Bh5 26.Ba5 gxf4 27.Bxc7 f3 28.Bf4 Rxf4 29.exf4 fxg2
30.Qb3 Qg7 31.Qe3 Bf3 32.Rc2 Rf8 33.Rf2 Qg4 34.Rxf3 exf3 35.Kf2 Qh3 36.Qxf3 Qxh2
37.Rg1 Rf6 38.Qb3 Rf7 39.Qe3 Qh3 40.Qe5 Qf5 41.Qxf5 Rxf5 42.Kxg2 Rf8 43.Re1 Kf7
44.Re3 b6 45.Rc3 Rb8 46.b3 Ra8 47.b4 Rb8 48.cxb6 Rxb6 49.a3 Kf6 50.g4 Ra6
51.Kg3 Ra4 52.Kh4 a5 53.Rxc6 axb4 54.axb4 Rxb4 55.f5 Rxd4 56.Rxe6+ Kf7 57.Rh6 Kg7
58.Rd6 Ra4 59.Rd7+ Kg8 60.Rxd5 Kg7 61.Rd7+ Kg8 62.Kg5 Ra6 63.Re7 Rb6 64.Re6 Rb7
65.Rd6 Kg7 66.Kh5 Rb1 67.Kg5 Rb7 68.Ra6 Rc7 69.Kh5 Rc1 70.Ra7+ Kg8 71.Re7 Ra1
72.Kh6 Ra6+ 73.Re6 Ra4 74.Kg5 Ra7 75.Kf6 Rf7+ 76.Ke5 Ra7 77.Rd6 Kf7 78.g5 Rb7
79.Rc6 Re7+ 80.Kd6 Re1 81.Rc7+ Kg8 82.Re7 Ra1 83.Ke5 Ra6 84.Rd7 Ra8 85.Ke6 Re8+
86.Re7 Ra8 87.Rc7 Re8+ 88.Kd6 Re1 89.Kd7 Re5 90.f6 Ra5 91.Ke6 Ra6+ 92.Kf5 Ra1
93.Ke6 Ra6+ 94.Ke7 Ra8 95.Rb7 Rc8 96.Ke6 Rc6+ 97.Kd7 Rc1 98.Kd8 Ra1 99.Rg7+ Kh8
100.Re7 Kg8 101.Rg7+ Kh8 102.Rb7 Kg8 103.Ke8 Ra8+ 104.Kd7 Ra1 105.Ke8 Ra8+
106.Ke7 Rc8 107.Ke6 Rc6+ 108.Ke5 Rc5+ 109.Kd6 Ra5 110.Ke6 Ra6+ 111.Kf5 Ra5+
112.Kg4 Ra4+ 113.Kh5 Ra1 114.Rg7+ Kh8 115.g6 hxg6+ 116.Kxg6 Rg1+ 117.Kf7 Ra1
118.Rg2 Ra7+ 119.Ke6 Ra6+ 120.Kf5 Ra7  1/2-1/2

[Event "Naleczow"]
[Site "Naleczow"]
[Date "1984.??.??"]
[Round "?"]
[White "Ksieski, Zbigniew"]
[Black "Bany, Jerzy"]
[Result "1/2-1/2"]
[WhiteElo "2400"]
[BlackElo "2460"]

1.d4 d5 2.c4 c6 3.Nf3 Nf6 4.Qc2 dxc4 5.Qxc4 Bf5 6.g3 e6 7.Bg2 Be7 8.Nc3 Nbd7
9.O-O O-O 10.Bf4 Ne4 11.Rad1 Nb6  1/2-1/2

[Event "Reykjavik"]
[Site "Reykjavik"]
[Date "1984.??.??"]
[Round "?"]
[White "Alburt, Lev O"]
[Black "Knezevic, Milorad"]
[Result "1-0"]
[WhiteElo "2515"]
[BlackElo "2450"]

1.d4 d5 2.c4 c6 3.Nf3 Nf6 4.Qb3 dxc4 5.Qxc4 Bf5 6.g3 Nbd7 7.Qb3 Qb6 8.Nbd2 e6
9.Bg2 Qxb3 10.Nxb3 Be4 11.O-O Bd6 12.Nfd2 Bxg2 13.Kxg2 e5 14.Nc4 Bc7 15.Rd1 exd4
16.Rxd4 O-O-O 17.Bf4 Nb6 18.Nd6+ Bxd6 19.Bxd6 Nc4 20.Bc5 Nxb2 21.Bxa7 Rhe8
22.Rxd8+ Kxd8 23.e3 Nc4 24.Rc1 Ne5 25.a4 Nfd7 26.Nd4 g6 27.a5 Nd3 28.Rc3 Nb4
29.Rb3 c5 30.Bxc5 Nxc5 31.Rxb4 Kc7 32.Rb6 Kd7 33.Nb3  1-0

[Event "Smederevska Palanka"]
[Site "Smederevska Palanka"]
[Date "1984.??.??"]
[Round "?"]
[White "Simic, Radoslav"]
[Black "Kirov, Nino"]
[Result "1/2-1/2"]
[WhiteElo "2485"]
[BlackElo "2455"]

1.d4 d5 2.c4 c6 3.Nf3 Nf6 4.Nbd2 Bf5 5.g3 e6 6.Bg2 h6 7.O-O Nbd7 8.b3 Be7
9.Bb2 O-O 10.Ne5 a5 11.a3 Nxe5 12.dxe5 Ne4 13.Nxe4 dxe4 14.Qxd8 Rfxd8 15.Bc3  1/2-1/2

[Event "Tatran Cup"]
[Site "Stary Smokovec"]
[Date "1984.??.??"]
[Round "9"]
[White "Drasko, Milan"]
[Black "Utasi, Tamas"]
[Result "1-0"]
[WhiteElo "2480"]
[BlackElo "2505"]

1.d4 d5 2.Nf3 Nf6 3.c4 c6 4.Qc2 e6 5.Nbd2 Nbd7 6.g3 c5 7.cxd5 exd5 8.Bg2 Be7
9.O-O O-O 10.Rd1 b6 11.e4 Bb7 12.e5 Ne4 13.Nxe4 dxe4 14.Ne1 cxd4 15.Bxe4 Bxe4
16.Qxe4 Bc5 17.Nd3 a5 18.b3 Re8 19.Bb2 Nf6 20.Qf3 Nd5 21.Nxc5 bxc5 22.Rac1 Rc8
23.Bxd4 cxd4 24.Rxc8 Qxc8 25.Qxd5 Qc2 26.Rxd4 Qxa2 27.Rf4 Qb1+ 28.Kg2 Qg6
29.Ra4 h5 30.h4 Kh7 31.Rxa5 Re6 32.Ra4 Rb6 33.Rf4 Kg8 34.b4 Ra6 35.b5  1-0

[Event "URS-FL"]
[Site "Sverdlovsk"]
[Date "1984.??.??"]
[Round "?"]
[White "Vaisser, Anatoli"]
[Black "Gurgenidze, Bukhuti"]
[Result "1/2-1/2"]
[WhiteElo "2495"]
[BlackElo "2450"]

1.d4 d5 2.Nf3 c6 3.c4 dxc4 4.e3 b5 5.a4 e6 6.axb5 cxb5 7.b3 Bb4+ 8.Bd2 Bxd2+
9.Nbxd2 a5 10.bxc4 b4 11.Bd3 Nf6 12.Ne5 Bb7 13.Qa4+ Nbd7 14.Qb5 Qc7 15.Nb3 O-O
16.Rxa5 Rxa5 17.Qxa5 Qxa5 18.Nxa5 Ra8 19.Nxd7 Nxd7 20.Nb3 Ra3 21.Bc2 Bxg2
22.Rg1 Bc6 23.Ke2 Ra2 24.Rc1 Ba4 25.Kd3 Nb6 26.f3 Kf8 27.e4 e5 28.dxe5 Nd7
29.Kd4 Rb2 30.Na1 b3 31.Kc3 Rxc2+ 32.Nxc2 bxc2 33.Kb4 Bc6 34.Rxc2 Nxe5 35.Rc3 Nd7
36.Ra3 Ke7 37.c5 g5 38.Kc4 Ne5+ 39.Kd4 Ke6 40.h4 f6  1/2-1/2

[Event "Troon"]
[Site "Troon"]
[Date "1984.??.??"]
[Round "2"]
[White "Plaskett, Jim"]
[Black "Pritchett, Craig William"]
[Result "1-0"]
[WhiteElo "2470"]
[BlackElo "2395"]

1.d4 d5 2.c4 c6 3.Nf3 Nf6 4.Nbd2 g6 5.e3 Bg7 6.b4 O-O 7.Bb2 Bf5 8.Be2 Nbd7
9.O-O Ne4 10.Nb3 dxc4 11.Bxc4 Nb6 12.Bd3 Na4 13.Qc2 Nxb2 14.Qxb2 Nd6 15.Bxf5 Nxf5
16.a4 e6 17.Rac1 Nh4 18.Ne1 Qe7 19.Nd3 Rfd8 20.Rfd1 Rac8 21.g3 Nf5 22.Qc3 Nd6
23.Na5 Ne4 24.Qc2 h5 25.Kg2 Kh7 26.Qb1 Nd6 27.Rd2 Ne4 28.Rdc2 e5 29.Nxe5 Bxe5
30.dxe5 Qxe5 31.Nxb7 Nd2 32.Rc5 Qb8 33.Qc2 Qxb7 34.Rd1 Qxb4 35.Rxh5+ Kg8
36.Rh4 Qa5 37.Qb2 Qd5+ 38.e4 Qd4 39.Rxd2 Qxb2 40.Rxb2 c5 41.e5 c4 42.Rc2 c3
43.Re4 Rd2 44.Rxd2 cxd2 45.Rd4 Rc4 46.Rxd2 Rxa4 47.f4 Kf8 48.h4 Ke7 49.Kh3 a5
50.Kg4 Ra3 51.Rh2 a4 52.h5 gxh5+ 53.Rxh5 Re3 54.Rh6 a3 55.Ra6 Rb3 56.f5 Kf8
57.Kf4 Kg7 58.Ra7 Kf8 59.g4 Ke8 60.Kg5 Rh3 61.Kf6 Rh6+ 62.Kg7 Rh3 63.e6 fxe6
64.f6  1-0

[Event "Mittelfranken"]
[Site "Germany"]
[Date "1985.??.??"]
[Round "?"]
[White "Suess, P."]
[Black "Albrecht, Ulli"]
[Result "0-1"]
[WhiteElo "2200"]
[BlackElo "2200"]

1.Nf3 d5 2.d4 c6 3.c4 dxc4 4.Nc3 b5 5.a4 Qb6 6.Be3 b4 7.Na2 e6 8.d5 c5 9.Ne5 Qd6
10.Nxc4 Qxd5 11.Qc2 Ba6 12.Rc1 Nf6 13.Bf4 Be7 14.e3 O-O 15.Rd1 Qc6 16.Bd6 b3
17.Qc3 bxa2 18.Bxe7 Nd5 19.Qa3 Nxe7 20.Qxa2 Bxc4 21.Bxc4 Qxg2 22.Ke2 Qg4+
23.Ke1 Nbc6 24.b3 Qe4 25.Rg1 Ne5 26.Be2 Rfd8 27.Rf1  0-1

[Event "Jarvenpaa"]
[Site "Jarvenpaa"]
[Date "1985.??.??"]
[Round "?"]
[White "Chernin, Alexander"]
[Black "Valkesalmi, Kimmo"]
[Result "1/2-1/2"]
[WhiteElo "2560"]
[BlackElo "2380"]

1.d4 d5 2.c4 c6 3.Nf3 Nf6 4.Qc2 g6 5.Bf4 Bg7 6.e3 O-O 7.Nc3 Be6 8.Qb3 Qb6
9.c5 Qxb3 10.axb3 Nbd7 11.h3 Ne4 12.b4 a6 13.Be2 Rfe8 14.g4 Nxc3 15.bxc3 f6
16.Nd2 Bf7 17.Nb3 e5 18.Bg3 Nf8 19.Kd2 Ne6 20.h4 Rac8 21.Rag1 Nd8 22.g5 f5
23.Bxe5 Bxe5 24.dxe5 Rxe5 25.h5 Re7 26.Rh3 Kg7 27.Rgh1 Ne6 28.hxg6 hxg6 29.Rh7+ Kf8
30.f4 Rce8 31.Bd1 Bg8 32.Rxe7 Rxe7 33.Bc2 Kg7 34.Nc1 Nf8 35.Nd3 Nd7 36.Ne1 Re8
37.Nf3 Be6 38.Nd4 Nf8 39.Rh6 Re7 40.Bd3 Re8 41.Nf3 Nd7 42.Nd4 Nf8 43.Rh3 Re7
44.Kc2 Re8 45.Kb3 Nd7 46.Ka4 Nb8 47.Ka5 Nd7 48.Rh6 Bf7 49.Bxf5 gxf5 50.Nxf5+ Kg8
51.g6 Be6 52.Nd6 Kg7 53.Rh4 Rf8 54.f5 Rxf5 55.Nxf5+ Bxf5 56.c4 dxc4 57.Rxc4 Kxg6
58.Rf4 Kg5 59.Rf1 Kg6 60.Rf4 Be6 61.e4 Bc4 62.Rf3 Bb5 63.Rf5 Bd3 64.Rf4 Bc2
65.Rh4 Kg7 66.Rf4 Bd3 67.e5 Nxe5 68.Kb6 Kg6 69.Kxb7 Bb5 70.Kc7 Kg5 71.Re4 Kf5
72.Rd4 Nf7 73.Rd6 Ne5  1/2-1/2

[Event "URS-chI"]
[Site "Minsk"]
[Date "1985.??.??"]
[Round "13"]
[White "Azmaiparashvili, Zurab"]
[Black "Gorelov, Sergey G"]
[Result "1/2-1/2"]
[WhiteElo "2465"]
[BlackElo "2425"]

1.d4 d5 2.c4 c6 3.Nf3 Nf6 4.Qc2 dxc4 5.Qxc4 Bf5 6.g3 Nbd7 7.Bg2 e6 8.O-O Be7
9.Rd1 O-O 10.Bg5 h6 11.Bxf6 Bxf6 12.Nbd2 e5 13.dxe5 Nxe5 14.Qf4 Nxf3+ 15.Nxf3 Qc8
16.e4 Bg4 17.e5 Be7 18.Qe4 Qf5 19.Qxf5 Bxf5 20.Nd4 Bg4 21.f3 Bc8 22.Rac1 Rd8
23.Kf2 Be6 24.a3 Bd5 25.Nf5 Bf8 26.f4 Bb3 27.Rxd8 Rxd8 28.Ke2 g6 29.Ne3 Be6
30.Rc3 Be7 31.g4 Bc8 32.Be4 Kg7 33.f5 Bg5 34.Kf3 h5 35.gxh5 gxf5 36.Bxf5 Bxe3
37.Bxc8 Bd4 38.Rd3 c5 39.Bxb7 Rb8 40.Rb3 Bxe5 41.Ke4 Bd4 42.Kd5  1/2-1/2

[Event "Moscow"]
[Site "Moscow"]
[Date "1985.??.??"]
[Round "?"]
[White "Romanishin, Oleg M"]
[Black "Dolmatov, Sergey"]
[Result "1-0"]
[WhiteElo "2570"]
[BlackElo "2540"]

1.d4 d5 2.c4 c6 3.Nf3 Nf6 4.Qb3 e6 5.g3 Be7 6.Bg2 O-O 7.O-O b6 8.Nc3 Nbd7
9.cxd5 cxd5 10.Bf4 a6 11.Rfc1 Bb7 12.Na4 b5 13.Bc7 Qe8 14.Nb6 Nxb6 15.Bxb6 Rc8
16.Ne5 Nd7 17.Nxd7 Qxd7 18.Bc5 Bxc5 19.dxc5 a5 20.Qd3 Rfd8 21.b3 b4 22.a3 Bc6
23.axb4 axb4 24.Qd4 Rb8 25.Ra6 Qc7 26.Rb6 Rxb6 27.cxb6 Qd6 28.e4 h6 29.e5 Qd7
30.Qxb4 Qb7 31.Bf1 d4 32.Qc5 Be4 33.Qc7 Rb8 34.Qd6 d3 35.Rc7 Qd5 36.Qxd5 Bxd5
37.Bxd3 g5 38.b4 Rxb6 39.b5 Rb8 40.f4 Ra8 41.Kf2 Ra4 42.Ke3 gxf4+ 43.gxf4 Rb4
44.Rc1 Kf8 45.Rb1 Ra4 46.b6 Bb7 47.Rb3 h5 48.f5 exf5 49.Bxf5 Ra5 50.Kf4 Ra2
51.Rd3 Rb2 52.Rd6 Kg7 53.h3 Rb5 54.Rd7 Rxb6 55.e6 Bc6 56.Rxf7+ Kg8 57.Ke5 Be8
58.Bh7+ Kh8 59.Re7 h4 60.Bf5  1-0

[Event "Rubinstein mem"]
[Site "Polanica Zdroj"]
[Date "1985.??.??"]
[Round "3"]
[White "Drasko, Milan"]
[Black "Bany, Jerzy"]
[Result "1-0"]
[WhiteElo "2460"]
[BlackElo "2435"]

1.Nf3 d5 2.d4 Nf6 3.c4 c6 4.Qc2 e6 5.g3 Nbd7 6.Bg2 Be7 7.Nbd2 O-O 8.O-O b5
9.c5 Qc7 10.b3 e5 11.dxe5 Nxe5 12.Bb2 Nxf3+ 13.Bxf3 Bh3 14.Rfe1 Nd7 15.b4 Ne5
16.Bxe5 Qxe5 17.e4 Bf6 18.exd5 Qc3 19.Rac1 Rae8 20.Rxe8 Rxe8 21.Qxc3 Bxc3
22.Ne4 Bxb4 23.dxc6 Re5 24.Rb1 Bxc5 25.c7 Bb6 26.Rc1 g6 27.c8=Q+ Bxc8 28.Rxc8+ Kg7
29.Nd6 Re1+ 30.Kg2 Rb1 31.Be4 Rb2 32.Rc2 Rb4 33.Bc6 a6 34.Bb7  1-0

[Event "Rubinstein mem"]
[Site "Polanica Zdroj"]
[Date "1985.??.??"]
[Round "10"]
[White "Donchev, Dimitar I"]
[Black "Spiridonov, Nikola"]
[Result "1/2-1/2"]
[WhiteElo "2450"]
[BlackElo "2400"]

1.Nf3 d5 2.d4 c6 3.c4 Nf6 4.Qc2 Bg4 5.Nbd2 e6 6.e3 Nbd7 7.h3 Bh5 8.Bd3 Bg6
9.O-O Bd6 10.e4 dxe4 11.Nxe4 Nxe4 12.Bxe4 O-O 13.Bxg6 hxg6 14.Be3 Re8 15.Rfd1 Qc7
16.Rac1 Rac8 17.a3 Nf6  1/2-1/2

[Event "Poznan"]
[Site "Poznan"]
[Date "1985.??.??"]
[Round "2"]
[White "Ksieski, Zbigniew"]
[Black "Stempin, Pawel"]
[Result "1/2-1/2"]
[WhiteElo "2380"]
[BlackElo "2390"]

1.Nf3 d5 2.d4 Nf6 3.c4 c6 4.Qc2 g6 5.Bf4 Bg7 6.e3 O-O 7.Nc3 Be6 8.cxd5 cxd5
9.Qb3 Qb6 10.Be2 Nc6 11.Qxb6 axb6 12.O-O Rfc8 13.Nd2 h6 14.h3 g5 15.Bh2 Bf5
16.g4 Bg6 17.a3 e6 18.Rac1 Bf8 19.f3 Ne8 20.Nb5 f6 21.Rc3 Kf7 22.Rfc1 Ke7
23.Kg2 Kd7 24.e4 Nd6 25.Nxd6 Bxd6 26.Bxd6 Kxd6 27.Bd3 Be8 28.exd5 exd5 29.Bf5 Bd7
30.Bxd7 Kxd7 31.Nf1 Ne7 32.Ne3 Rxc3 33.Rxc3 Ra4 34.b4  1/2-1/2

[Event "Bohemians"]
[Site "Prague"]
[Date "1985.??.??"]
[Round "?"]
[White "Efimov, Igor"]
[Black "Knezevic, Milorad"]
[Result "1/2-1/2"]
[WhiteElo "2405"]
[BlackElo "2405"]

1.d4 d5 2.c4 c6 3.Nf3 Nf6 4.Qc2 dxc4 5.Qxc4 Bf5 6.Nc3 Nbd7 7.g3 e6 8.Bg2 Be7
9.O-O O-O 10.Re1 Ne4 11.Bf4 Nxc3 12.bxc3 Be4 13.Qb3 c5 14.Red1 Qc8 15.Rac1 c4  1/2-1/2

[Event "SWE-ch"]
[Site "Uppsala"]
[Date "1985.??.??"]
[Round "?"]
[White "Ingbrandt, Johan"]
[Black "Lind, Jan Olov"]
[Result "1/2-1/2"]
[WhiteElo "2200"]
[BlackElo "2295"]

1.d4 d5 2.c4 c6 3.Nf3 Nf6 4.Qc2 g6 5.Bf4 Bg7 6.e3 Nh5 7.Be5 f6 8.Bg3 Nxg3
9.hxg3 Bf5 10.Qb3 Qb6 11.Nc3 dxc4 12.Bxc4 Qxb3 13.axb3 Bc8 14.b4 Nd7 15.O-O Nb6
16.Bb3 a6 17.Rfc1 e6 18.Ne4 Ke7 19.Nc5 Rd8 20.Rd1 Nd5 21.Nd3 Bd7 22.Nd2 Rab8
23.Nc4 Be8 24.Rac1 Nc7 25.Nb6 Bf8 26.f4 Nd5 27.Bxd5 exd5 28.Kf2 Kd6 29.Nc5 Kc7
30.Nba4 Bd7 31.Rh1 h6 32.Nxd7 Rxd7 33.Nc5 Re7 34.f5 gxf5 35.Rh5 Rbe8 36.Re1 Bg7
37.Rxf5 Kb6 38.Nd3 Kb5 39.b3 Re4 40.Rf3 R4e7 41.Ra1 h5 42.Ra5+ Kb6 43.Ne1 Bh6
44.Nc2 Bg5 45.Ra1 h4 46.gxh4 Bxh4+ 47.g3 Bg5 48.Rh1 Kb5 49.Ke2 Rg8 50.Kd3 Rgg7
51.Rf2 Rh7 52.Rfh2 Rxh2 53.Rxh2 Kb6 54.Ke2 Rg7 55.Kf3 Re7 56.Rh8 Kb5 57.Rh1 Kb6
58.Rh8 Kc7 59.Ke2 Kd7 60.Kf3 Ke6 61.Ne1 Kd6 62.Nc2 Kc7 63.Rh1 Kb6 64.Ke2 Rg7
65.Kf3 f5 66.Rh5 Kb5 67.Rh3 Be7 68.Kf4 Bd6+ 69.Kxf5 Rxg3 70.Rxg3 Bxg3 71.e4 dxe4
72.Kxe4 Bd6 73.d5 cxd5+ 74.Kxd5 Bxb4 75.Kd4 Bf8 76.Kc3 Bg7+ 77.Kd2 Bb2 78.Kd3  1/2-1/2

[Event "RLPF-ch"]
[Site "Wittlich"]
[Date "1985.??.??"]
[Round "10"]
[White "Lorscheid, Gerhard"]
[Black "Osieka, Udo"]
[Result "1/2-1/2"]
[WhiteElo "2330"]
[BlackElo "2200"]

1.d4 Nf6 2.c4 c6 3.Nf3 d5 4.Qc2 g6 5.Bf4 Bg7 6.e3 O-O 7.Nc3 Be6 8.Qb3 Qc8
9.Rc1 Nbd7 10.Be2 dxc4 11.Bxc4 Bxc4 12.Qxc4 Nd5 13.Bg3 N7b6 14.Qb3 Nxc3 15.Rxc3 Nd5
16.Rc1 Nf6 17.O-O Nh5 18.d5 Nxg3 19.hxg3 Qb8 20.dxc6 bxc6 21.Qxb8 Raxb8 22.b3 a5
23.Rxc6 a4 24.Rb1 Rb5 25.Kf1 e6 26.Nd2 Rfb8 27.Rbc1 axb3 28.Rc8+ Rxc8 29.Rxc8+ Bf8
30.axb3 Kg7 31.Rc1 h5 32.Ke2 Bb4 33.Rb1 g5 34.Nf3 Kg6 35.Kd3 Rc5 36.Ne1 Rc3+
37.Ke2 e5 38.Nd3 Bd6 39.Kd2 Rc8 40.e4 f5 41.exf5+ Kxf5 42.b4 e4 43.Ne1 Rb8
44.b5 Bc5 45.Ke2 Ra8 46.Rb2 Bd4 47.Rc2 Ra5 48.Rd2 Bc3 49.Rc2 Bd4  1/2-1/2

[Event "RLPF-ch"]
[Site "Wittlich"]
[Date "1985.??.??"]
[Round "10"]
[White "Seul, Georg"]
[Black "Brueckner, Thomas"]
[Result "1/2-1/2"]
[WhiteElo "2255"]
[BlackElo "2215"]

1.d4 d5 2.c4 c6 3.Nf3 Nf6 4.Qc2 g6 5.Bf4 Bg7 6.e3 Bf5 7.Bd3 Qa5+ 8.Nbd2 Bxd3
9.Qxd3 dxc4 10.Qxc4 Ne4 11.b4 Nxd2 12.Nxd2 Qf5 13.O-O Nd7 14.Nf3 O-O 15.Rad1 Rad8
16.Bc7 Rc8 17.Bg3 Rfd8 18.Rfe1  1/2-1/2

[Event "FRG-ch qual"]
[Site "Brilon"]
[Date "1986.??.??"]
[Round "?"]
[White "Schulte, Oliver"]
[Black "Kargoll, Peter"]
[Result "1/2-1/2"]
[WhiteElo "2325"]
[BlackElo "2260"]

1.d4 d5 2.c4 c6 3.Nf3 Nf6 4.Qc2 g6 5.Bf4 Nbd7 6.e3 Bg7 7.Nc3 O-O 8.a3 dxc4
9.Bxc4 Nb6 10.Ba2 Nbd5 11.Nxd5 Nxd5 12.Bg3 Bg4 13.Nd2 Qd7 14.O-O Rac8 15.Rac1 Rfe8
16.Qa4 b6 17.Rc2 a5 18.Rfc1 b5 19.Qb3 Be2 20.a4 e6 21.Rc5 Bf8 22.Ne4  1/2-1/2

[Event "Copenhagen op"]
[Site "Copenhagen"]
[Date "1986.??.??"]
[Round "9"]
[White "Cserna, Laszlo"]
[Black "Chernin, Alexander"]
[Result "0-1"]
[WhiteElo "2390"]
[BlackElo "2570"]

1.d4 Nf6 2.c4 c6 3.Nf3 d5 4.Qc2 Bg4 5.Ne5 e6 6.Nxg4 Nxg4 7.e3 Nd7 8.Be2 Ngf6
9.O-O Be7 10.Nc3 O-O 11.b3 Re8 12.Bb2 Bf8 13.Rad1 g6 14.Rfe1 Bg7 15.e4 Nxe4
16.Nxe4 dxe4 17.Qxe4 Qa5 18.Qc2 Rad8 19.Bc3 Qf5 20.Bd3 Qf6 21.Be4 Nb6 22.Ba1 Qg5
23.g3 Rd7 24.Rd3 Red8 25.Red1 Nc8 26.Qe2 Nd6 27.h4 Qa5 28.Bc3 Qa3 29.Bb2 Qa6
30.Bg2 Nf5 31.Bh3 Ne7 32.Bc3 b5 33.R3d2 Nc8 34.cxb5 Qxb5 35.Qxb5 cxb5 36.Bf1 Rd5
37.Be2 Nb6 38.Bf3 R5d7 39.Kf1 Rc8 40.Bb4 Nd5 41.Bxd5 Rxd5 42.Bc5 a5 43.Ke2 e5
44.Bb6 Bh6 45.Rb2 Re8 46.Bxa5 exd4+ 47.Kd3 Rf5 48.Rc2 Bg7 49.Rcd2 Rf3+ 50.Kc2 Ra8
51.b4 Rc8+ 52.Kb1 h5 53.Bb6 Rc4 54.Bc5 Be5 55.Rc1 d3 56.Rcd1 Rc3 57.Re1 f6
58.Re3 Rxe3 59.Bxe3 f5 60.Rd1 Kf7 61.Rc1 Ke6 62.Bd2 Rxc1+  0-1

[Event "Gausdal Int"]
[Site "Gausdal"]
[Date "1986.??.??"]
[Round "?"]
[White "Shovel, Kenneth"]
[Black "Petursson, Margeir"]
[Result "0-1"]
[WhiteElo "2265"]
[BlackElo "2510"]

1.d4 d5 2.c4 c6 3.Nf3 Nf6 4.Qc2 g6 5.Bf4 Bg7 6.e3 O-O 7.Nc3 Bf5 8.Qb3 Qb6
9.h3 Na6 10.g4 Be4 11.Nxe4 Nxe4 12.Qxb6 axb6 13.Bd3 Nb4 14.Bb1 Nc5 15.dxc5 Bxb2
16.Be5 Bxa1 17.Bxa1 bxc5 18.O-O dxc4 19.Ne5 b5 20.Nd7 Rfd8 21.Nxc5 Nxa2 22.Bd4 Nb4
23.Be4 Ra3 24.Nb7 Rda8 25.Bc5 R3a4 26.Bxe7 Nd5 27.Bxd5 cxd5 28.Bf6 b4 29.Nc5 Ra3
30.Kg2 Rc8 31.Bd4 c3 32.Rc1 b3 33.Nd3 c2 34.Kf3 Rc4 35.Ke2 g5 36.Kd2 Ra2
37.Bb2 Kf8 38.Re1 Ke7 39.Kc1 Ke6 40.Bd4 Kd6 41.Bb2 Rca4 42.Kd2 Rc4 43.Kc1 Ra8
44.Bd4 Rxd4 45.exd4 Ra1+ 46.Kb2 Rd1 47.Re3 Rb1+ 48.Kc3 c1=Q+ 49.Nxc1 Rxc1+
50.Kxb3 Rc4 51.Rd3 f6 52.Kb2 Ke6 53.h4 gxh4 54.f4 Kf7 55.f5 h5 56.gxh5 Kg7
57.Ra3 Rxd4 58.Ra7+ Kh6 59.Rf7 Kg5 60.h6 h3  0-1

[Event "Hamburg-ch"]
[Site "Hamburg"]
[Date "1986.??.??"]
[Round "?"]
[White "Schulte, Oliver"]
[Black "Jacoby, Gisbert"]
[Result "1-0"]
[WhiteElo "2310"]
[BlackElo "2290"]

1.d4 d5 2.Nf3 Nf6 3.c4 c6 4.Qc2 dxc4 5.Qxc4 Bf5 6.Bf4 Qb6 7.Qc1 e6 8.Nbd2 Ne4
9.e3 c5 10.a3 Nxd2 11.Nxd2 Nd7 12.e4 Bg6 13.h4 Qc6 14.f3 h5 15.Nc4 Be7 16.dxc5 Qxc5
17.b4 Qd4 18.Ra2 Bf6 19.Nd6+ Ke7 20.Nb5 Rhc8 21.Nxd4 Rxc1+ 22.Bxc1 Bxd4 23.Bb5 e5
24.Ke2 Nf8 25.Bc4 f6 26.Be3 Bxe3 27.Kxe3 Rc8 28.Bd5 Bf7 29.Rd1 Bxd5 30.Rxd5 Ne6
31.Rad2 Rc7 32.g3 Nd4 33.Rc5 Rd7 34.f4 Ke6 35.Rc8 a6 36.fxe5 fxe5 37.Re8+ Kd6
38.Rh8 Rc7 39.Rxh5 Rc3+ 40.Rd3 Rc2 41.Rd2 Rc3+ 42.Rd3 Rc2 43.Rxd4+ exd4+
44.Kxd4 Rd2+ 45.Kc3 Re2 46.Rg5 Rxe4 47.Rxg7 Re3+ 48.Kd4 Rxa3 49.h5 Rb3 50.Kc4 Rf3
51.h6  1-0

[Event "Helsinki"]
[Site "Helsinki"]
[Date "1986.??.??"]
[Round "5"]
[White "Hansen, Curt"]
[Black "Binham, Timothy F"]
[Result "1-0"]
[WhiteElo "2510"]
[BlackElo "2370"]

1.d4 d5 2.Nf3 Nf6 3.c4 c6 4.Qc2 g6 5.Nc3 Bf5 6.Qa4 Bg7 7.cxd5 Nxd5 8.e3 O-O
9.Be2 Nd7 10.O-O Nxc3 11.bxc3 e5 12.Rd1 e4 13.Nd2 Qh4 14.Ba3 Rfe8 15.Bd6 Re6
16.Bg3 Qe7 17.Qb3 Nb6 18.a4 h5 19.a5 Nc8 20.Bc4 g5 21.Bxe6 Bxe6 22.Qb4 Qxb4
23.cxb4 h4 24.Be5 f6 25.Bc7 Ne7 26.Bd6 Nd5 27.a6 b6 28.Rdc1 Rd8 29.Rxc6 Bd7
30.Bc7 Rc8 31.Rd6 Rxc7 32.Rxd5 Kf7 33.Rxd7+ Rxd7 34.Nxe4  1-0

[Event "Jajce (Women)"]
[Site "Jajce"]
[Date "1986.??.??"]
[Round "1"]
[White "Cejic, Dusica"]
[Black "Puljek Salai, Zorica"]
[Result "0-1"]
[WhiteElo "2050"]
[BlackElo "2085"]

1.Nf3 Nf6 2.c4 c6 3.g3 d5 4.d4 dxc4 5.Bg2 b5 6.a4 Bb7 7.Ne5 Qc8 8.O-O e6
9.b3 cxb3 10.Qxb3 b4 11.a5 Be7 12.Qa4 O-O 13.a6 Bxa6 14.Nxc6 Nxc6 15.Qxa6 Nd5
16.e4 Nb6 17.Be3 Qxa6 18.Rxa6 Nb8 19.Rxb6 axb6 20.Nd2 Rc8 21.e5 Ra3 22.Rb1 Nd7
23.Ne4 Rc2 24.Bf1 f5 25.exf6 gxf6 26.Bb5 Nf8 27.Bc1 Raa2 28.Be3 Rc8  0-1

[Event "Jajce (Women)"]
[Site "Jajce"]
[Date "1986.??.??"]
[Round "3"]
[White "Maksimovic, Suzana"]
[Black "Puljek Salai, Zorica"]
[Result "1/2-1/2"]
[WhiteElo "2175"]
[BlackElo "2085"]

1.d4 d5 2.c4 c6 3.Nf3 Nf6 4.Qc2 g6 5.cxd5 cxd5 6.Nc3 Bg7 7.Bf4 Nc6 8.e3 O-O
9.Ne5 Qb6 10.Bb5 Bd7 11.Nxd7 Nxd7 12.O-O Rac8 13.Qe2 a6 14.Ba4 e6 15.Rac1 Qa7
16.b4 b5 17.Bb3 Rfd8 18.Bd6 Bf8 19.Bc5 Qb7 20.a3 Nb6 21.Nxb5 axb5 22.Qxb5 Rb8
23.Bxb6 Na7 24.Rc7 Nxb5 25.Rxb7 Rxb7 26.Bxd8 Nxa3 27.Ra1 Bxb4 28.Bf6 Bf8
29.Bd1 Rb1 30.Rxb1 Nxb1  1/2-1/2

[Event "SWE-ch"]
[Site "Malmo"]
[Date "1986.??.??"]
[Round "?"]
[White "Welin, Thomas"]
[Black "Eriksson, Anders"]
[Result "1-0"]
[WhiteElo "2410"]
[BlackElo "2265"]

1.d4 d5 2.Nf3 Nf6 3.c4 c6 4.Qc2 e6 5.Nbd2 Nbd7 6.e4 dxe4 7.Nxe4 Nxe4 8.Qxe4 c5
9.Bd3 cxd4 10.Qxd4 Bb4+ 11.Bd2 Nc5 12.Qxd8+ Kxd8 13.Bc2 Bxd2+ 14.Kxd2 a5
15.Kc3 Ke7 16.b3 b6 17.Nd4 Bb7 18.f3 h5 19.a3 g5 20.Rhe1 g4 21.Nf5+ Kf6 22.Nd6 Bc6
23.fxg4 hxg4 24.Rf1+ Ke7 25.Nxf7 Rxh2 26.Ne5 Be8 27.b4 axb4+ 28.axb4 Na4+
29.Bxa4 Rxa4 30.Rxa4 Bxa4 31.Rf7+ Ke8 32.Ra7 Bd1 33.Ra8+ Ke7 34.Ra1 Be2 35.Ng6+ Kd6
36.Nf4 Bxc4 37.Kxc4 e5 38.Rd1+ Kc6 39.b5+ Kb7 40.Ng6 Rxg2 41.Nxe5 Rc2+ 42.Kb4 Rb2+
43.Ka4 Re2 44.Nc4 Kc7 45.Rd6 g3 46.Rc6+ Kd7 47.Nxb6+ Kd8 48.Rg6 Rg2 49.Nd5 Rg1
50.Ne3 Kc7 51.Kb4  1-0

[Event "New York op"]
[Site "New York"]
[Date "1986.??.??"]
[Round "?"]
[White "Shipman, Walter"]
[Black "Durao, Joaquim"]
[Result "0-1"]
[WhiteElo "2400"]
[BlackElo "2220"]

1.d4 d5 2.Nf3 Nf6 3.c4 c6 4.Qc2 e6 5.g3 Ne4 6.Nfd2 f5 7.Bg2 Bd6 8.Nxe4 fxe4
9.f3 exf3 10.Bxf3 O-O 11.O-O e5 12.dxe5 Bxe5 13.cxd5 Bh3 14.Rd1 cxd5 15.Be3 Nc6
16.Nc3 d4 17.Bf2 Rxf3 18.exf3 Qf6 19.Qb3+ Be6 20.Ne4 Qf7 21.Qa3 h6 22.Kg2 Rf8
23.h4 Bd5 24.Rd2 b5 25.Rc1 Bc4 26.b4 a5 27.f4 Bxf4 28.Rxc4 bxc4 29.gxf4 Qxf4
30.Re2 d3 31.Re3 d2 32.Qa4 Qg4+ 33.Ng3 d1=Q 34.Qxc6 Rxf2+ 35.Kxf2 Qd2+ 36.Ne2 Qxh4+
37.Rg3 Qhf4+ 38.Kg1 Qe1+ 39.Kh2 Qxe2+ 40.Kh3 Qf5+  0-1

[Event "Oakham YM"]
[Site "Oakham"]
[Date "1986.??.??"]
[Round "3"]
[White "Condie, Mark L"]
[Black "Kuczynski, Robert"]
[Result "1/2-1/2"]
[WhiteElo "2425"]
[BlackElo "2410"]

1.Nf3 Nf6 2.c4 c6 3.d4 d5 4.Qb3 e6 5.g3 b6 6.Bg2 Ba6 7.cxd5 cxd5 8.Nc3 Bd6
9.Bg5 Bb7 10.Nb5 Nc6 11.Nxd6+ Qxd6 12.Bxf6 gxf6 13.O-O O-O 14.Qe3 Kg7 15.Nh4 Rac8
16.Rac1 Qb4 17.Rcd1 Ne7 18.Rd2 Ng6 19.f4 Nxh4 20.gxh4 f5 21.Rd3 Qe7 22.Qe5+ f6
23.Rg3+ Kh8 24.Qe3 Rc7 25.h5 Rg8 26.Rff3 Rxg3 27.Rxg3 Bc8 28.Qd2 Qf8 29.a3 Bd7
30.Rc3 Rxc3 31.Qxc3 Qd6 32.Qg3 Be8 33.h6 Qc7 34.Qe3 Bf7 35.h4 Qc8 36.Qg3 Qf8
37.Qd3 Qxh6 38.Qg3 Qf8 39.Qc3 Qb8 40.e3 Qb7 41.Bf3 Kg7 42.Kf2 Qd7 43.Be2 Kh6
44.Qb4 Qd8 45.Qa4 Qe7 46.Qb4  1/2-1/2

[Event "POL-chT"]
[Site "Porabka"]
[Date "1986.??.??"]
[Round "?"]
[White "Ksieski, Zbigniew"]
[Black "Hanasz, Waldemar"]
[Result "1-0"]
[WhiteElo "2385"]
[BlackElo "2260"]

1.d4 d5 2.c4 c6 3.Nf3 Nf6 4.Qc2 g6 5.Bf4 Qa5+ 6.Nc3 dxc4 7.e4 b5 8.Be2 Bg7
9.O-O Bb7 10.a4 Qb6 11.e5 Nd5 12.Nxd5 cxd5 13.axb5 Qxb5 14.b3 Qxb3 15.Qd2 Qb6
16.Rfb1 Qc6 17.e6 Na6 18.exf7+ Kxf7 19.Ne5+ Bxe5 20.Bxe5 Rhg8 21.Qf4+ Ke8
22.Bd1 Rf8 23.Qh6 Nc5 24.dxc5 Qxc5 25.Ba4+ Bc6 26.Qe3 d4 27.Qxd4 Qxd4 28.Bxd4 Kd7
29.Rb7+ Kd6 30.Bxc6 Kxc6 31.Rxe7 a5 32.Rxh7 a4 33.Rg7 Rfd8 34.Rxg6+ Kd5 35.Bb6 Rac8
36.Rd1+ Ke5 37.Bd4+ Kf5 38.Rf6+ Kg5 39.f4+ Kh5 40.h3 c3 41.g4+ Kh4 42.Kg2  1-0

[Event "FRG-ch"]
[Site "Bad Neuenahr"]
[Date "1987.??.??"]
[Round "?"]
[White "Brueckner, Thomas"]
[Black "Franke, Heribert"]
[Result "1/2-1/2"]
[WhiteElo "2345"]
[BlackElo "2365"]

1.d4 d5 2.Nf3 Nf6 3.c4 c6 4.Qb3 e6 5.g3 Bd6 6.Bg2 O-O 7.O-O Nbd7 8.Nc3 Qe7
9.Bg5 h6 10.Bxf6 Nxf6 11.Nd2 dxc4 12.Nxc4 e5 13.Nxd6 Qxd6 14.d5 c5 15.Rac1  1/2-1/2

[Event "Wch U20"]
[Site "Baguio"]
[Date "1987.??.??"]
[Round "?"]
[White "Hansen, Lars Bo"]
[Black "Piket, Jeroen"]
[Result "1/2-1/2"]
[WhiteElo "2355"]
[BlackElo "2450"]

1.d4 Nf6 2.c4 c6 3.Nf3 d5 4.Qc2 e6 5.g3 Nbd7 6.Bg2 Be7 7.O-O O-O 8.Nbd2 b6
9.e4 Nxe4 10.Nxe4 dxe4 11.Qxe4 Ba6 12.b3 Rc8 13.Rd1 b5 14.Qc2 bxc4 15.bxc4 Qa5
16.c5 Rb8 17.Bd2 Qa3 18.Bc1 Qa5 19.Bd2 Qa3 20.Bc1  1/2-1/2